रामाच्या पदचिन्हांवरून पुष्पक विमानाने पंख पसरले (Record no. 370191)

MARC details
000 -LEADER
fixed length control field 01150 a2200157 4500
003 - CONTROL NUMBER IDENTIFIER
control field OSt
005 - DATE AND TIME OF LATEST TRANSACTION
control field 20260204161509.0
008 - FIXED-LENGTH DATA ELEMENTS--GENERAL INFORMATION
fixed length control field 260204b |||||||| |||| 00| 0 eng d
020 ## - INTERNATIONAL STANDARD BOOK NUMBER
International Standard Book Number 9788194338840
100 ## - MAIN ENTRY--PERSONAL NAME
Personal name भावे एस
9 (RLIN) 216613
245 ## - TITLE STATEMENT
Title रामाच्या पदचिन्हांवरून पुष्पक विमानाने पंख पसरले
260 ## - PUBLICATION, DISTRIBUTION, ETC. (IMPRINT)
Name of publisher, distributor, etc. भारतीय विचार साधना प्रकाशन
Date of publication, distribution, etc. 2024
Place of publication, distribution, etc. पुणे
300 ## - PHYSICAL DESCRIPTION
Extent 40pp.
520 ## - SUMMARY, ETC.
Summary, etc. वाल्मिकी रामायणामध्ये प्रभू रामचंद्रांनी सीतामाईसह लंका ते अयोध्या प्रवास 'पुष्पक' विमानाने केल्याचे वर्णन 123 व्या सर्गात आहे. महाकवी कालिदासाने हा प्रवास त्याच्या 'रघुवंश' या महाकाव्याच्या 13 व्या सर्गात शब्दबद्ध केला आहे.
942 ## - ADDED ENTRY ELEMENTS (KOHA)
Koha item type Books
Source of classification or shelving scheme Dewey Decimal Classification
Holdings
Withdrawn status Lost status Source of classification or shelving scheme Damaged status Not for loan Collection code Home library Current library Date acquired Vendor Cost, normal purchase price Total Checkouts Barcode Date last seen Cost, replacement price Bill Date Koha item type Original Barcode
    Dewey Decimal Classification     MCA MKSSS s K.B. Joshi Institute of Information Technology Library MKSSS s K.B. Joshi Institute of Information Technology Library 03/02/2026 188 245.00   KBJP-BK-3005 03/02/2026 350.00 03/02/2026 Books 3005